[Event "Lazy Baltic Pearl op-A 21st"]
[Site "Lazy"]
[Date "2025.07.07"]
[Round "8"]
[White "Bochniak, Franciszek"]
[Black "Gawlik, Olivier"]
[Result "1-0"]
[WhiteElo "2042"]
[BlackElo "1817"]
[PlyCount "168"]
[EventDate "2025.06.30"]
[EventType "swiss"]
[EventRounds "9"]
[EventCountry "POL"]
[SourceTitle "CB28_2025"]
[SourceDate "2025.07.09"]
[SourceVersion "1"]
[SourceVersionDate "2025.07.09"]
[SourceQuality "1"]

1. c4 Nf6 2. Nc3 e5 3. Nf3 Nc6 4. g3 d5 5. cxd5 Nxd5 6. Bg2 Nb6 7. a3 a5 8. 0-0 Be7 9. e3 Be6 10. d4 exd4 11. exd4 0-0 12. Be3 Nd5 13. Qd2 a4 14. Rad1 Nxc3 15. Qxc3 Bd5 16. Ne5 Bxg2 17. Kxg2 Qd5+ 18. f3 Ra6 19. Nd3 Rd8 20. Rfe1 Raa8 21. Nf4 Qa5 22. Qc4 Bf6 23. Bd2 Qf5 24. d5 Ne5 25. Qe4 Qxe4 26. Rxe4 Ng6 27. Bc3 Nxf4+ 28. Rxf4 Be7 29. Rg4 f6 30. Re1 Rd7 31. Bb4 Bxb4 32. Rxb4 b6 33. Rc1 Ra7 34. Rb5 Kf7 35. f4 Ke7 36. f5 Rd6 37. Rc4 Rd7 38. Kf3 Kd6 39. Rc6+ Ke7 40. Rc4 Kd6 41. Re4 Re7 42. Re6+ Kd7 43. g4 Ra8 44. Rb4 Ra5 45. Rbe4 Rf7 46. Rd4 Re7 47. Ke4 Rb5 48. Rd2 Rc5 49. Re2 Rf7 50. Kd4 Rc1 51. h4 Rh1 52. h5 Rg1 53. R6e4 Rd1+ 54. Kc4 Rc1+ 55. Kb4 Rd1 56. Kc4 Rc1+ 57. Kd3 Rd1+ 58. Rd2 Rxd2+ 59. Kxd2 Kd6 60. Kd3 Kxd5 61. Rxa4 Re7 62. Ra8 h6 63. b4 Kc6 64. a4 Rd7+ 65. Kc4 Kb7 66. Re8 Ka6 67. Re6 Ka7 68. Kb5 Kb7 69. a5 Rd5+ 70. Kc4 Rd7 71. Re8 c6 72. Re6 Rc7 73. axb6 Kxb6 74. b5 Kb7 75. bxc6+ Rxc6+ 76. Kd5 Rc7 77. Kd6 Kb6 78. Re7 Rc6+ 79. Kd5 Rc5+ 80. Ke6 Rc6+ 81. Kf7 Rc4 82. Kxg7 Rxg4+ 83. Kxh6 Kc6 84. Rg7 Kd5 1-0

[Event "Lazy Baltic Pearl op-A 21st"]
[Site "Lazy"]
[Date "2025.07.02"]
[Round "3"]
[White "Koralczyk, Aleksander"]
[Black "Bochniak, Franciszek"]
[Result "0-1"]
[WhiteElo "1801"]
[BlackElo "2042"]
[PlyCount "66"]
[EventDate "2025.06.30"]
[EventType "swiss"]
[EventRounds "9"]
[EventCountry "POL"]
[SourceTitle "CB28_2025"]
[SourceDate "2025.07.09"]
[SourceVersion "1"]
[SourceVersionDate "2025.07.09"]
[SourceQuality "1"]

1. e4 c6 2. Nf3 d5 3. d3 g6 4. Nbd2 Bg7 5. Be2 e5 6. 0-0 Ne7 7. c3 0-0 8. Qc2 f5 9. Re1 Nd7 10. b4 b6 11. a4 a6 12. Bb2 h6 13. b5 Bb7 14. bxc6 Bxc6 15. Bf1 Rc8 16. exd5 Bxd5 17. c4 Bxf3 18. Nxf3 Nc6 19. Rad1 Re8 20. g3 Nd4 21. Nxd4 exd4 22. Bg2 Nc5 23. Ba3 Bf8 24. h4 Qd7 25. Bd5+ Kh7 26. Bxc5 Bxc5 27. h5 gxh5 28. Re2 h4 29. Rde1 hxg3 30. fxg3 Re3 31. Rxe3 dxe3 32. Kg2 Bb4 33. Rf1 Qxd5+ 0-1

[Event "Lazy Baltic Pearl op-A 20th"]
[Site "Lazy"]
[Date "2024.06.30"]
[Round "9"]
[White "Ochedzan, Filip"]
[Black "Bochniak, Franciszek"]
[Result "1/2-1/2"]
[WhiteElo "1899"]
[BlackElo "1936"]
[PlyCount "102"]
[EventDate "2024.06.24"]
[EventType "swiss"]
[EventRounds "9"]
[EventCountry "POL"]
[SourceTitle "CBM 220 Extra"]
[Source "ChessBase"]
[SourceDate "2024.07.31"]
[SourceVersion "1"]
[SourceVersionDate "2024.07.31"]
[SourceQuality "1"]

1. e4 c5 2. Nf3 Nc6 3. d4 cxd4 4. Nxd4 Nf6 5. Nc3 e6 6. Nxc6 bxc6 7. e5 Nd5 8. Ne4 Bb7 9. c4 Nb4 10. Bd2 c5 11. Bxb4 Bxe4 12. Bc3 g6 13. f3 Bb7 14. Bd3 Bg7 15. 0-0 0-0 16. Bc2 Qc7 17. Qe2 f6 18. Rfe1 fxe5 19. Bxe5 Bxe5 20. Qxe5 Qxe5 21. Rxe5 Rac8 22. Rd1 Rc7 23. Ba4 Bc8 24. Kf2 Rf5 25. Rxf5 gxf5 26. g4 fxg4 27. fxg4 Kg7 28. Ke3 Kf6 29. Kf4 Rb7 30. b3 e5+ 31. Kg3 Ke6 32. h4 d6 33. Bc6 Rg7 34. Be4 Ke7 35. g5 Rf7 36. Rh1 Bd7 37. h5 Rf4 38. Rh4 Rf1 39. Kg2 Rf7 40. h6 Bf5 41. Kg3 Bxe4 42. Rxe4 Rf1 43. Re2 Rg1+ 44. Kh4 Ke6 45. Rf2 e4 46. Rf6+ Ke5 47. Rf7 e3 48. Rxh7 e2 49. Re7+ Kf4 50. Rf7+ Ke3 51. Re7+ Kf4 1/2-1/2

[Event "Wch U14"]
[Site "Montesilvano"]
[Date "2023.11.18"]
[Round "6"]
[White "Balint, Peter1"]
[Black "Bochniak, Franciszek"]
[Result "1-0"]
[WhiteElo "2256"]
[BlackElo "1954"]
[PlyCount "97"]
[EventDate "2023.11.13"]
[EventType "swiss"]
[EventRounds "11"]
[EventCountry "ITA"]
[SourceTitle "CBM 217 Extra"]
[Source "ChessBase"]
[SourceDate "2024.01.31"]
[SourceVersion "1"]
[SourceVersionDate "2024.01.31"]
[SourceQuality "1"]

1. e4 c5 2. Nf3 Nc6 3. d4 cxd4 4. Nxd4 g6 5. c4 Bg7 6. Be3 Qb6 7. Nb5 Qa5+ 8. N5c3 d6 9. Be2 Qb4 10. Qd2 Be6 11. 0-0 Nf6 12. f3 Nd7 13. a3 Qa5 14. b4 Qd8 15. Ra2 0-0 16. Nd5 Rc8 17. Rc2 b6 18. Nbc3 f5 19. Nf4 Bf7 20. exf5 gxf5 21. Nh3 Kh8 22. Nd5 Nce5 23. Bg5 Re8 24. Rd1 Nf8 25. Be3 Qd7 26. Bd4 Ne6 27. Bb2 Rg8 28. Kh1 Nc6 29. Bxg7+ Rxg7 30. Qe3 Ne5 31. Bf1 Qb7 32. Rcc1 Nf8 33. Nhf4 Ne6 34. c5 bxc5 35. Nxe6 Bxe6 36. Nf4 Bf7 37. bxc5 Qb2 38. Rb1 Qa2 39. cxd6 exd6 40. Rb7 a5 41. h4 Rd8 42. h5 h6 43. Ng6+ Kh7 44. Nxe5 Re8 45. Rxd6 Qa1 46. Rxh6+ Kg8 47. Rh8+ Kxh8 48. Nxf7+ Kh7 49. Qh6+ 1-0

[Event "EU-ch Blitz"]
[Site "Katowice"]
[Date "2022.12.16"]
[Round "1"]
[White "Tregubov, Pavel V"]
[Black "Bochniak, Franciszek"]
[Result "1/2-1/2"]
[WhiteElo "2553"]
[BlackElo "1874"]
[PlyCount "74"]
[EventDate "2022.12.16"]
[EventType "swiss (blitz)"]
[EventRounds "22"]
[EventCountry "POL"]
[SourceTitle "CBM 211 Extra"]
[Source "ChessBase"]
[SourceDate "2023.01.31"]
[SourceVersion "1"]
[SourceVersionDate "2023.01.31"]
[SourceQuality "1"]

1. e4 e5 2. Nf3 Nf6 3. Nxe5 Nxe4 4. Qe2 Qe7 5. Qxe4 d6 6. d4 dxe5 7. dxe5 Nc6 8. Nc3 Qxe5 9. Qxe5+ Nxe5 10. Nb5 Bb4+ 11. Bd2 Bxd2+ 12. Kxd2 Kd8 13. Re1 Nc6 14. Bc4 f6 15. Kc1 Ne5 16. Bb3 a6 17. Nd4 c5 18. Ne6+ Bxe6 19. Bxe6 Re8 20. Bf5 g6 21. Be4 Kc7 22. h4 f5 23. Bd5 Rad8 24. Rd1 Ng4 25. Rhf1 Nh2 26. Rg1 Ng4 27. Rgf1 Re2 28. Bf3 Rxd1+ 29. Kxd1 Rxf2 30. Rxf2 Nxf2+ 31. Ke2 Ng4 32. Bxg4 fxg4 33. Ke3 Kd6 34. Kf4 g3 35. Kxg3 Ke5 36. Kf3 h6 37. g4 g5 1/2-1/2

[Event "Lazy Baltic Pearl op-A 18th"]
[Site "Lazy"]
[Date "2022.07.01"]
[Round "6"]
[White "Bochniak, Franciszek"]
[Black "Kossowski, Pawel"]
[Result "1-0"]
[WhiteElo "1664"]
[BlackElo "1737"]
[PlyCount "63"]
[EventDate "2022.06.26"]
[EventType "swiss"]
[EventRounds "9"]
[EventCountry "POL"]
[SourceTitle "CBM 209 Extra"]
[Source "ChessBase"]
[SourceDate "2022.09.30"]
[SourceVersion "1"]
[SourceVersionDate "2022.09.30"]
[SourceQuality "1"]

1. e4 e5 2. Nf3 Nc6 3. d3 Nf6 4. g3 d5 5. exd5 Nxd5 6. Bg2 Be7 7. 0-0 Be6 8. Re1 Bf6 9. Nbd2 h5 10. Nc4 h4 11. Nfxe5 Nxe5 12. Nxe5 hxg3 13. hxg3 c6 14. Qe2 Qd6 15. Ng6 0-0-0 16. Nxh8 Rxh8 17. c3 Qd7 18. Be3 Bh3 19. Qf1 Bf5 20. d4 Qd8 21. Qc4 Nc7 22. Bf4 Ne6 23. d5 Nxf4 24. Qxf4 Bd7 25. dxc6 bxc6 26. Re4 a5 27. Qe3 Kb7 28. Rd1 Qc8 29. Re7 Bxe7 30. Qxe7 Kc7 31. Qd6+ Kb7 32. Qxd7+ 1-0

[Event "Lazy Baltic Pearl op-A 18th"]
[Site "Lazy"]
[Date "2022.06.27"]
[Round "2"]
[White "Kejna, Piotr"]
[Black "Bochniak, Franciszek"]
[Result "1/2-1/2"]
[WhiteElo "1970"]
[BlackElo "1664"]
[PlyCount "32"]
[EventDate "2022.06.26"]
[EventType "swiss"]
[EventRounds "9"]
[EventCountry "POL"]
[SourceTitle "CBM 209 Extra"]
[Source "ChessBase"]
[SourceDate "2022.09.30"]
[SourceVersion "1"]
[SourceVersionDate "2022.09.30"]
[SourceQuality "1"]

1. e4 e5 2. Nf3 Nf6 3. Nxe5 Nxe4 4. Qe2 Qe7 5. Qxe4 d6 6. d4 dxe5 7. dxe5 Nc6 8. Bb5 Bd7 9. 0-0 0-0-0 10. Nc3 Nxe5 11. Be3 Nc6 12. Qa4 Qb4 13. Bxc6 Bxc6 14. Qxa7 Qxb2 15. Ne2 Qa3 16. Qxa3 Bxa3 1/2-1/2

[Event "POL-ch U12"]
[Site "Uniejow"]
[Date "2021.07.25"]
[Round "9"]
[White "Niezbecki, Marek1"]
[Black "Bochniak, Franciszek"]
[Result "0-1"]
[WhiteElo "1436"]
[BlackElo "1616"]
[PlyCount "92"]
[EventDate "2021.07.18"]
[EventType "swiss"]
[EventRounds "9"]
[EventCountry "POL"]
[SourceTitle "EXT 2022"]
[Source "ChessBase"]
[SourceDate "2021.10.06"]
[SourceVersion "1"]
[SourceVersionDate "2021.10.06"]
[SourceQuality "1"]

1. e4 c5 2. d4 cxd4 3. c3 dxc3 4. Nxc3 Nc6 5. Nf3 e6 6. Bc4 a6 7. 0-0 Nge7 8. Bg5 f6 9. Be3 b5 10. Bb3 Ng6 11. Nd4 Bb7 12. f4 Nxd4 13. Bxd4 b4 14. Na4 Bxe4 15. Bc5 f5 16. Qd4 Qf6 17. Qxb4 Bc6 18. Rae1 Bxa4 19. Bxa4 Bxc5+ 20. Qxc5 Qe7 21. Qd4 Rb8 22. b3 Rb4 23. Qd2 0-0 24. Bxd7 Qc5+ 25. Kh1 h6 26. Bxe6+ Kh8 27. Bc4 Rb6 28. Qe3 Qc6 29. Rc1 Re8 30. Qg3 Qf6 31. Rfe1 Rd8 32. Qf2 Rbd6 33. Qe3 Rd2 34. a4 Nh4 35. Rg1 Qb2 36. Qg3 Ng6 37. Qc3 Qxc3 38. Rxc3 Nxf4 39. Bxa6 Rb2 40. Bc4 Rdd2 41. Rg3 g5 42. Bf1 g4 43. Re3 Nh3 44. Rxh3 gxh3 45. a5 Rf2 46. a6 Rxf1 0-1

[Event "POL-ch U12"]
[Site "Uniejow"]
[Date "2021.07.24"]
[Round "8"]
[White "Bochniak, Franciszek"]
[Black "Pycinski, Wladyslaw"]
[Result "1/2-1/2"]
[WhiteElo "1616"]
[BlackElo "1502"]
[PlyCount "45"]
[EventDate "2021.07.18"]
[EventType "swiss"]
[EventRounds "9"]
[EventCountry "POL"]
[SourceTitle "EXT 2022"]
[Source "ChessBase"]
[SourceDate "2021.10.06"]
[SourceVersion "1"]
[SourceVersionDate "2021.10.06"]
[SourceQuality "1"]

1. d4 d5 2. c4 e6 3. Nc3 c6 4. Nf3 dxc4 5. e3 b5 6. a4 Bb4 7. axb5 cxb5 8. Ne5 Bb7 9. Bd2 Bxc3 10. Bxc3 a6 11. b3 cxb3 12. Qxb3 Nd7 13. Be2 Ngf6 14. Ba5 Qb8 15. Nxd7 Nxd7 16. 0-0 0-0 17. Rac1 Nf6 18. Qa3 Rc8 19. Qe7 Re8 20. Qc5 Rc8 21. Qe7 Re8 22. Qc5 Rc8 23. Qe7 1/2-1/2

[Event "POL-ch U12"]
[Site "Uniejow"]
[Date "2021.07.23"]
[Round "7"]
[White "Mulawa, Cyprian"]
[Black "Bochniak, Franciszek"]
[Result "1-0"]
[WhiteElo "1989"]
[BlackElo "1616"]
[PlyCount "57"]
[EventDate "2021.07.18"]
[EventType "swiss"]
[EventRounds "9"]
[EventCountry "POL"]
[SourceTitle "EXT 2022"]
[Source "ChessBase"]
[SourceDate "2021.10.06"]
[SourceVersion "1"]
[SourceVersionDate "2021.10.06"]
[SourceQuality "1"]

1. e4 c5 2. Nf3 d6 3. d4 cxd4 4. Nxd4 Nf6 5. Nc3 a6 6. Be2 e5 7. Nb3 Be7 8. 0-0 0-0 9. Kh1 Be6 10. f4 exf4 11. Bxf4 Nc6 12. Qe1 Ne5 13. Rd1 Qc7 14. Nd4 Rad8 15. Nf5 Bxf5 16. exf5 h6 17. Qg3 Kh8 18. a4 Rc8 19. Bf3 Nc4 20. Bc1 Ne5 21. Bd5 b5 22. axb5 axb5 23. Nxb5 Qxc2 24. Nc3 Nc4 25. Rf2 Qb3 26. Bf3 Nxb2 27. Bxb2 Rxc3 28. Bxc3 Ne8 29. Be2 1-0

[Event "POL-ch U12"]
[Site "Uniejow"]
[Date "2021.07.20"]
[Round "3"]
[White "Warchol, Kamil"]
[Black "Bochniak, Franciszek"]
[Result "1/2-1/2"]
[WhiteElo "2183"]
[BlackElo "1616"]
[PlyCount "59"]
[EventDate "2021.07.18"]
[EventType "swiss"]
[EventRounds "9"]
[EventCountry "POL"]
[SourceTitle "EXT 2022"]
[Source "ChessBase"]
[SourceDate "2021.10.06"]
[SourceVersion "1"]
[SourceVersionDate "2021.10.06"]
[SourceQuality "1"]

1. e4 c5 2. b3 d6 3. Bb2 Nf6 4. Bb5+ Bd7 5. Bxd7+ Qxd7 6. d3 g6 7. f4 Bg7 8. Qe2 0-0 9. Nf3 Nc6 10. 0-0 Rad8 11. g3 Rfe8 12. Na3 a6 13. c4 e5 14. fxe5 dxe5 15. Rad1 Nd4 16. Nxd4 exd4 17. Bc1 Ng4 18. Qg2 Bh6 19. Bxh6 Nxh6 20. Nc2 f5 21. exf5 Nxf5 22. Rde1 Ne3 23. Nxe3 dxe3 24. Re2 Qxd3 25. Qxb7 Qxe2 26. Qf7+ Kh8 27. Qf6+ Kg8 28. Qf7+ Kh8 29. Qf6+ Kg8 30. Qf7+ 1/2-1/2